Online Catalogue and eLibrary

Samajeeya vidya paryeshana (Record no. 5037)

MARC details
000 -LEADER
fixed length control field 00428nam a2200169Ia 4500
005 - DATE AND TIME OF LATEST TRANSACTION
control field 20250519022156.0
008 - FIXED-LENGTH DATA ELEMENTS--GENERAL INFORMATION
fixed length control field 240331s9999 xx 000 0 und d
020 ## - INTERNATIONAL STANDARD BOOK NUMBER
ISBN 9559872206
082 ## - DDC Classification
Item Number - Author Mark DHA
Class No. 301.072
100 ## - MAIN ENTRY--PERSONAL NAME
Personal name Dharmasiri,L.M
245 #0 - TITLE STATEMENT
Title Samajeeya vidya paryeshana
250 ## - EDITION STATEMENT
Edition statement 2nd
260 ## - PUBLICATION, DISTRIBUTION, ETC.
Place of publication, distribution, etc. Kelaniya
Name of publisher, distributor, etc. Lal Melwin Tharamasiri
Date of publication, distribution, etc. 2007
300 ## - PHYSICAL DESCRIPTION
Extent (e.g. Volumes, Pages etc.) xiv, 268 p .,
650 ## - SUBJECT ADDED ENTRY--TOPICAL TERM
Topical term or geographic name entry element Social Science Research
942 ## - Koha item type (Biblio)
Koha item type Books in Stacks (Lending)
Holdings
Lost status Damaged status Collection code Home library Current library Shelving location Date acquired Full call number Accession Number Item type
    Lending WERC Library WERC Library Social Science Cupboard 03/31/2024 301.072 DHA 6301 Books in Stacks (Lending)

© WERC Library